Statistiques concernant Grands discours

Cliquez ici pour prendre le quiz!

Statistiques générales

  • Ce quiz a été pris 35 fois
  • Le résultat moyen est 6 sur 20

Statistiques - réponses

HintRéponse% Correct
"I have a dream"Martin Luther king
90%
Appel du 18 juinCharles de Gaulle
77%
Loi sur le droit à l'avortementSimone veil
77%
"Yes we can"Barack Obama
68%
Abolition de la peine de mortRobert Badinter
65%
Discours militant écologique à l'ONUGreta Thunberg
55%
"We shall fight on the beach"Winston Churchill
39%
Les adieux de Fontainebleau (1814)Napoléon
32%
Sur la non violenceGandhi
29%
Discours de GettysburgAbraham Lincoln
26%
Discours sur la misèreVictor Hugo
26%
"Le temps est venu"Nelson Mandela
23%
"Jusqu'à quand, Catilina, abuseras-tu de notre patience ?"Cicéron
10%
Discours à Stanford (2005)Steve Jobs
10%
"We choose to go to the moon"JF Kennedy
6%
Le Déclin du courageAlexandre Soljenytsine
3%
Les PhilippiquesDemostene
3%
pensez par vous-mêmesMalcolm X
3%
ApologieSocrate
3%
"Ain't I a woman?"Sojourner Truth
3%

Distribution des résultats

Percentile par nombre de réponses

% des personnes avec chaque résultat

Votre développement - résultats

Vous n’avez pas pris ce quiz